[Event "Bionext Festival 2019"]
[Site "Chihuahua"]
[Date "2019.11.30"]
[Round "4.3"]
[White "Cuenca Jimenez, Jose Fernando"]
[Black "Rose, Felix"]
[Result "1-0"]
[WhiteElo "2523"]
[BlackElo "2059"]
[Annotator "TA"]
[PlyCount "73"]
[EventDate "2019.11.30"]
[EventType "swiss"]
[EventCountry "MEX"]
[SourceTitle "playchess.com"]
[Source "ChessBase"]
[SourceQuality "1"]

{[%evp 13,73,17,23,8,15,19,8,1,14,0,111,106,115,100,133,71,70,77,77,77,77,77,74,66,77,57,130,122,132,128,102,89,116,98,150,144,237,139,304,236,299,291,290,287,329,210,248,246,470,441,1040,1056,1035,543,524,516,507,387,531,528,505,504]} 1. e4 e5 2. Nf3 Nc6 3. Bb5 a6 4. Ba4 Nf6 5. O-O Be7 6. d3 b5 7. Bb3 d6 8. a3 {C84: Closed Ruy Lopez: Unusual White 6th moves} (8. c3 Na5 9. Bc2 c5 10. d4 cxd4 11. cxd4 O-O 12. h3 Re8 13. d5 Bd7 14. Nc3 Qb8 15. Bd3 Rc8 16. Ne2 {0-1 (40) Carlsen,M (2882)-Ding,L (2805) Saint Louis 2019}) 8... Na5 9. Ba2 c5 10. Nc3 {The position is equal.} Be6 11. Nh4 Nxe4 $146 (11... O-O $11) ({Predecessor:} 11... O-O 12. Nf5 Bxf5 13. exf5 d5 14. Bg5 c4 15. dxc4 dxc4 16. Bxf6 Qxd1 17. Rfxd1 Bxf6 {½-½ (27) Karjakin,S (2748)-Harikrishna,P (2734) Yekaterinburg 2019}) 12. Nxe4 $16 {Hoping for Bxe6.} (12. dxe4 $6 Bxh4 13. a4 b4 $11) 12... Bxh4 13. Bxe6 fxe6 14. Nxd6+ (14. Qh5+ $142 $1 g6 15. Qh6) 14... Qxd6 15. Qh5+ {[%mdl 64] Double Attack} g6 16. Qxh4 O-O 17. Bh6 Rf5 18. Qe4 Qd5 19. b4 cxb4 ({Black should try} 19... Nc6 $14) 20. axb4 Nc6 {[#]} 21. c3 $1 Rf7 22. Qe2 Rd7 23. Rfd1 Qb3 (23... a5 $142) 24. h4 Rad8 (24... Rf7 $16 {might work better.} 25. h5 Rf5) 25. Qe4 ({Don't do} 25. Rxa6 $6 Qxc3 26. Qg4 Rf7 $16) (25. h5 $18) 25... Rd5 $2 (25... Qd5 $16 26. Qxd5 exd5) 26. Qf3 R5d6 27. h5 {Threatens to win with hxg6.} (27. Qf6 R6d7 $16) 27... Ne7 {[#]} 28. Bg5 $1 {[%cal Rg5e7]} ({Weaker is} 28. Qf6 Nf5 $16) 28... Rf8 29. Qe4 $40 {[%mdl 128] White has strong attack.} Nf5 30. Qxe5 {Be7! is the strong threat.} gxh5 $2 {[#]} (30... Qd5 {was called for.} 31. Qxd5 Rxd5 32. hxg6 (32. Rxa6 gxh5 33. Re1 Ng7 $18) 32... hxg6 33. Rxa6 Ng3 34. fxg3 Rxg5) 31. Be7 $1 $18 {[%mdl 576] Double Attack} Rd5 (31... Nxe7 $142 32. Qxd6 Ng6 33. Qxa6 Qd5) 32. Qxe6+ {[%mdl 64] Double Attack} Rf7 33. Rdb1 Qxc3 34. Qxd5 Nxe7 35. Qe4 Qd2 36. Rf1 Qh6 37. Qa8+ {Accuracy: White = 53%, Black = 35%.} 1-0

[Event "Bionext Festival 2019"]
[Site "Chihuahua"]
[Date "2019.11.30"]
[Round "4.4"]
[White "Castillo Coca, Mairebis"]
[Black "Martinez Castaneda, Allan"]
[Result "1-0"]
[WhiteElo "2134"]
[BlackElo "2045"]
[Annotator "TA"]
[PlyCount "167"]
[EventDate "2019.11.30"]
[EventType "swiss"]
[EventCountry "MEX"]
[SourceTitle "playchess.com"]
[Source "ChessBase"]
[SourceQuality "1"]

{[%evp 9,167,-50,-2,-8,35,37,57,52,47,21,20,20,14,0,10,0,14,0,6,-14,0,-22,-14,-23,0,-83,-81,-75,-47,-98,-50,-43,-51,-49,-14,-56,-53,-77,-75,-96,-58,-68,-35,-64,-68,-89,-91,-87,-80,-111,-75,-75,0,0,110,101,93,-24,-37,-104,-64,-62,0,-185,120,37,35,36,36,34,55,45,45,61,65,49,72,53,96,94,127,112,121,117,133,133,127,114,175,108,106,70,87,0,8,8,8,0,78,78,93,14,10,11,18,0,0,0,0,0,0,0,0,0,0,-8,-8,-8,-8,-8,-8,-8,-8,-8,-8,-8,-8,-8,-8,-8,-8,-8,0,0,0,0,0,0,0,0,0,0,0,0,0,0,0,0,29981,29982,29982,29983,29983,29984,29986,29987,29987,29986,29986,29986]} 1. e4 c5 2. Nf3 Nf6 3. d3 Nc6 4. Nbd2 d5 5. c3 (5. g3 e5 6. Bg2 Be7 7. O-O O-O 8. exd5 Nxd5 9. Re1 f6 10. c3 Kh8 11. Nh4 Be6 12. f4 Bf7 13. f5 g5 14. fxg6 hxg6 15. Nc4 Kg7 16. Be4 f5 17. Nxf5+ gxf5 18. Bxf5 {0-1 (30) Grischuk,A (2772)-Karjakin,S (2760) Riadh 2017}) 5... g6 6. e5 $146 {B29: Sicilian: 2 Nf3 Nf6 (Nimzowitsch Variation)} ({Predecessor:} 6. exd5 Qxd5 7. Qb3 Bg7 8. d4 Qxb3 9. Nxb3 cxd4 10. Nfxd4 Nxd4 11. Nxd4 O-O 12. Bc4 a6 {½-½ (66) Hasangatin,R (2509)-Motylev,A (2665) Sochi 2017}) 6... Ng4 7. d4 $1 Bg7 8. h3 {White is slightly better.} Nh6 9. dxc5 Nxe5 10. Nxe5 Bxe5 11. Nf3 Bg7 12. Bb5+ Bd7 13. Be2 Bc6 14. Nd4 O-O 15. Nxc6 bxc6 16. Qa4 Qc7 17. O-O (17. h4 $11) 17... e5 $17 18. Qa6 Rfe8 19. Bd2 (19. b4 $15) 19... Bf8 20. b4 Nf5 21. Rae1 h5 22. Bd1 e4 23. Bb3 Re6 24. Qa3 Rd8 25. Qc1 Bg7 26. Bf4 Be5 27. Bxe5 Qxe5 28. Qg5 Rd7 29. Qc1 Kg7 30. a4 g5 (30... Ree7 $17) 31. Bd1 $11 Rh6 (31... e3 $11 32. Qb2 Rde7 33. Bxh5 d4 34. cxd4 Nxd4) 32. Qxg5+ $16 {[%mdl 64] Double Attack} Rg6 33. Qxh5 (33. Qd2 $1 $16) 33... Qf6 $11 34. b5 (34. Bg4 $15 Rg5 35. Bxf5 Rxh5 36. Bxd7) 34... Rg5 $36 {[%mdl 2048] Black has some pressure.} 35. Qe2 {And now Qd2 would win.} Qxc3 (35... Nh4 $15 36. g4 Nf3+ {[%mdl 64] Double Attack} 37. Kg2 Qe5) 36. f4 $2 (36. Kh2 $11 {and White is okay.}) 36... exf3 $2 ({Inferior is} 36... Qxc5+ 37. Qf2 $14) (36... Rg6 $19 {aiming for ...Qxh3.} 37. Rf2 d4 38. Qxe4 Re7 39. Qxe7 Nxe7 40. Rxe7 Qxc5) 37. Rxf3 (37. Qxf3 $16 Qxc5+ 38. Rf2) 37... Qxc5+ $14 38. Qf2 Qxf2+ 39. Rxf2 {Re5 is the strong threat.} Re7 40. Rxe7 Nxe7 41. bxc6 Nxc6 {[%mdl 4096] Endgame KRB-KRN} 42. Rc2 Rg6 43. Rc5 Rd6 44. Bf3 $1 Nb4 45. Rb5 Rb6 46. Ra5 d4 47. Rxa7 Rd6 48. Rb7 Nd3 (48... Na2 $16 {was worth a try.}) 49. a5 (49. Rb5 $1 $18) 49... Ne5 $16 50. Bd1 Nc4 51. Bb3 ({White should try} 51. Rb5 $16) 51... Nxa5 $11 52. Rxf7+ Kg6 53. Rf3 Kg7 (53... Nxb3 $11 {remains equal.} 54. Rxb3 d3) 54. Bc2 $16 Nc4 55. g4 (55. Kf2 $16) 55... Ne5 $11 56. Rf5 d3 57. Bd1 Nc4 {Threatens to win with ...Ne3.} 58. Kf2 Nb2 59. Ke1 d2+ 60. Ke2 Re6+ 61. Kxd2 {Black must now prevent Be2.} Rd6+ 62. Ke2 {Strongly threatening Bb3.} Nxd1 {KRN-KR} 63. Rf3 Nb2 64. Rb3 Nc4 65. Rd3 Re6+ 66. Kf2 Ra6 67. Kg3 Ne5 68. Re3 Ra5 69. Rb3 Rc5 70. Ra3 Rb5 71. h4 Rb4 72. g5 Rg4+ 73. Kh3 Re4 74. Ra7+ Kg6 75. Ra6+ Kg7 76. h5 Nf7 77. Ra7 Kf8 78. g6 Ne5 $2 {[%mdl 8192]} (78... Nh6 $11) 79. g7+ {White mates.} Kg8 80. h6 $1 Re3+ {[#]} 81. Kg2 $1 Kh7 {[#]} 82. Ra8 $1 Re2+ 83. Kf1 Rf2+ 84. Kg1 {Accuracy: White = 54%, Black = 43%.} ({Less strong is} 84. Kxf2 Ng4+ 85. Kg3 Nxh6 $14) 1-0

[Event "Bionext Festival 2019"]
[Site "Chihuahua"]
[Date "2019.11.30"]
[Round "4.6"]
[White "Della Morte, Pablo"]
[Black "Guerrero Rodriguez, Alejandra"]
[Result "0-1"]
[WhiteElo "2309"]
[BlackElo "2016"]
[Annotator "TA"]
[PlyCount "112"]
[EventDate "2019.11.30"]
[EventType "swiss"]
[EventCountry "MEX"]
[SourceTitle "playchess.com"]
[Source "ChessBase"]
[SourceQuality "1"]

{[%evp 10,112,9,6,45,21,108,54,52,55,45,51,114,127,118,110,137,107,122,106,116,93,76,-41,-36,-102,-100,-151,-163,-229,-233,-229,-231,-225,-225,-232,-221,-260,-241,-236,-231,-241,-204,-259,-254,-272,-258,-276,-264,-260,-244,-278,-253,-329,-318,-292,-301,-347,-334,-328,-301,-303,-312,-279,-204,-207,-208,-187,-208,-195,-204,-211,-20,-20,8,-4549,-2872,-6113,-6258,-5837,-428,-1935,-1837,-29958,-12809,-6099,-5037,-29978,-29980,-29980,-29981,-29981,-29981,-29982,-29983,-29983,-29982,-29982,-29982,-29984,-29985,-29985,-29986,-29986,-29987]} 1. e4 e5 2. Nf3 Nf6 3. Nxe5 d6 4. Nf3 Nxe4 5. Nc3 Nxc3 6. dxc3 d5 {C42: Petroff Defence: 3 Nxe5 and unusual White 3rd moves} (6... Be7 7. Be3 Nc6 8. Qd2 Bf5 9. O-O-O Qd7 10. Bc4 Bf6 11. Nd4 Nxd4 12. Bxd4 Bxd4 13. Qxd4 O-O 14. Rhe1 b6 15. Bd5 Rae8 16. Qc4 {½-½ (30) Vachier Lagrave,M (2774)-Yu,Y (2763) Khanty-Mansiysk 2019}) 7. c4 Qe7+ (7... Be6 $11) 8. Be3 (8. Be2 $16) 8... dxc4 $14 {White is slightly better.} 9. Bxc4 Qb4+ 10. Nd2 $1 Qxb2 $146 (10... Be7 $14) ({Predecessor:} 10... Be7 11. Bb3 O-O 12. O-O Bg4 13. a3 Bxd1 14. axb4 {½-½ (29) Charry,H-McDermott,K Parsippany 2006}) 11. Rb1 $16 Qf6 12. Ne4 $1 {[%cal Re4f6][%mdl 1024] White has strong compensation.} Qe5 13. O-O Be7 ({Avoid the trap} 13... Qxe4 $2 14. Bg5 $18) 14. Re1 O-O ({Don't go for} 14... Qxe4 $2 15. Bc5 $1 $18 {[%mdl 512]}) 15. Bd4 Qf4 16. Ng3 (16. Rb3 $16 {Black must now prevent Rg3!} Nc6 17. Bb2) 16... Nc6 $15 17. Rxe7 ({White should try} 17. Nh5 $15 Qxd4 18. Qxd4 Nxd4 19. Rxe7) 17... Nxe7 $17 18. Nh5 {[#]} (18. Bxg7 $142 Bg4 19. Qd4 Qxd4 20. Bxd4) 18... Qd6 $1 {Threatens to win with ...Rd8.} 19. Bxg7 (19. Nxg7 {keeps fighting.} Rd8 20. Qh5 Qxd4 21. Qxf7+ {[%mdl 64] Double Attack} Kh8 22. Qxe7) 19... Qxd1+ $19 20. Rxd1 Bg4 $1 {[%csl LRd1,LRh5][%mdl 64] Double Attack} 21. Nf6+ Kxg7 22. Nxg4 Rad8 23. Re1 Nc6 24. Ne3 Rfe8 25. Rb1 Ne5 26. Bd5 c6 27. Bb3 Rd2 28. Nf1 Rd7 29. Ne3 Red8 30. Rf1 a5 31. a4 h5 32. h3 Kf6 33. f4 Ng6 34. Nc4 Rd1 35. Nxa5 Rxf1+ 36. Kxf1 Nxf4 37. Nxb7 {[%mdl 4096] Endgame KRN-KBN} Rd2 38. a5 Rxg2 39. a6 {With the idea Nc5.} Rg8 40. Ba4 Ra8 $2 (40... Rc8 $19 {aiming for ...h4.} 41. h4 Ke5) 41. Nc5 $11 Ne6 (41... Ra7 {feels hotter.} 42. Bxc6 Rc7 43. Nd7+ Kg5 44. Ne5 Ne6) 42. Nxe6 $2 {[%mdl 8192]} (42. Bxc6 $11 Nxc5 43. Bxa8 Nxa6 44. Kg2) 42... fxe6 $19 43. Bxc6 Rxa6 $11 {KR-KB} 44. Bf3 Ra5 (44... h4 $142 45. Ke2 Ra3) 45. Ke2 (45. h4 $142) 45... Kg5 $19 46. c4 Kf4 47. Bb7 e5 48. Kd3 Ra3+ {Black mates.} 49. Kc2 Rxh3 50. c5 Rg3 51. c6 Rg7 52. Bc8 e4 53. Bd7 Rg5 54. Kc3 Rc5+ 55. Kd4 Rc1 56. Be8 h4 {Accuracy: White = 30%, Black = 64%.} 0-1

[Event "Bionext Festival 2019"]
[Site "Chihuahua"]
[Date "2019.11.30"]
[Round "4.7"]
[White "Corrales Jimenez, Zenia"]
[Black "Ibarra Elizarraras, Juan Jose"]
[Result "*"]
[WhiteElo "2219"]
[BlackElo "1889"]
[Annotator "RC"]
[PlyCount "87"]
[EventDate "2019.11.30"]
[EventType "swiss"]
[EventCountry "MEX"]
[SourceTitle "playchess.com"]
[Source "ChessBase"]
[SourceQuality "1"]
[TimeControl "5400+30"]

1. e4 {[%emt 1:30:30]} e6 {[%emt 1:30:30]} 2. d4 {[%emt 0:00:30]} d5 {[%emt 0:00:30]} 3. Bd3 {[%emt 0:00:30]} Nf6 {[%emt 0:00:30]} 4. e5 {[%emt 0:00:30]} Nfd7 {[%emt 0:00:30]} 5. Nf3 {[%emt 0:00:30]} b6 {[%emt 0:00:30]} 6. Ng5 {[%emt 0:00:30]} h6 {[%emt 0:00:30]} 7. Qh5 {[%emt 0:00:30]} hxg5 {[%emt 0:00:30]} 8. Qxh8 {[%emt 0:00:30]} Ba6 {[%emt 0:00:30]} 9. Qh7 {[%emt 0:00:30]} Bxd3 {[%emt 0:00:30]} 10. Qxd3 {[%emt 0:00:30]} c5 {[%emt 0:00:30]} 11. c3 {[%emt 0:00:30]} c4 {[%emt 0:00:30]} 12. Qg3 {[%emt 0:00:30]} Be7 {[%emt 0:00:30]} 13. f4 {[%emt 0:00:30]} Nc6 {[%emt 0:00:30]} 14. fxg5 {[%emt 0:00:30]} Qc7 {[%emt 0:00:30]} 15. O-O {[%emt 0:00:30]} O-O-O {[%emt 0:00:30]} 16. Rxf7 {[%emt 0:00:30]} g6 {[%emt 0:00:30]} 17. Be3 {[%emt 0:00:30]} Rh8 {[%emt 0:00:30]} 18. Nd2 {[%emt 0:00:30]} Qd8 {[%emt 0:00:30]} 19. Qg4 {[%emt 0:00:30]} Nf8 {[%emt 0:00:30]} 20. Rxf8 {[%emt 0:00:30]} Rxf8 {[%emt 0:00:30]} 21. Qxe6+ {[%emt 0:00:30]} Kc7 {[%emt 0:00:30]} 22. Qxg6 {[%emt 0:00:30]} Rg8 {[%emt 0:00:30]} 23. Qf7 {[%emt 0:00:30]} Rf8 {[%emt 0:00:30]} 24. Qh5 {[%emt 0:00:30]} Rh8 {[%emt 0:00:30]} 25. Qg4 {[%emt 0:00:30]} Qg8 {[%emt 0:00:30]} 26. g6 {[%emt 0:00:30]} Rh4 {[%emt 0:00:30]} 27. Qg3 {[%emt 0:00:30]} Kb7 {[%emt 0:00:30]} 28. Rf1 {[%emt 0:00:30]} Nd8 {[%emt 0:00:30]} 29. Bg5 {[%emt 0:00:30]} Bxg5 {[%emt 0:00:30]} 30. Qxg5 {[%emt 0:00:30]} Rh7 {[%emt 0:00:30]} 31. gxh7 {[%emt 0:00:30]} Qxg5 {[%emt 0:00:30]} 32. h8=Q {[%emt 0:00:30]} Qxd2 {[%emt 0:00:30]} 33. Qxd8 {[%emt 0:00:30]} Qe3+ {[%emt 0:00:30]} 34. Kh1 {[%emt 0:00:30]} Qe2 {[%emt 0:00:30]} 35. Qxd5+ {[%emt 0:00:30]} Ka6 {[%emt 0:00:30]} 36. Qf3 {[%emt 0:00:30]} Qxb2 {[%emt 0:00:30]} 37. e6 {[%emt 0:00:30]} Qa3 {[%emt 0:00:30]} 38. Re1 {[%emt 0:00:30]} Qe7 {[%emt 0:00:30]} 39. d5 {[%emt 0:00:30]} Qh4 {[%emt 0:00:30]} 40. Qe4 {[%emt 0:00:30]} Qf2 {[%emt 0:00:30]} 41. e7 {[%emt 0:00:30]} Qd2 {[%emt 0:00:30]} 42. e8=Q {[%emt 0:00:30]} Qxc3 {[%emt 0:00:30]} 43. Qa4+ {[%emt 0:00:30]} Qa5 {[%emt 0:00:30]} 44. Qexc4+ {[%emt 0:00:30]} *

[Event "Bionext Festival 2019"]
[Site "Chihuahua"]
[Date "2019.11.30"]
[Round "4.8"]
[White "Nunez Hirales, Juan Alejandro"]
[Black "Rodriguez Rivera, Pedro"]
[Result "0-1"]
[WhiteElo "2016"]
[BlackElo "2188"]
[Annotator "TA"]
[PlyCount "64"]
[EventDate "2019.11.30"]
[EventType "swiss"]
[EventCountry "MEX"]
[SourceTitle "playchess.com"]
[Source "ChessBase"]
[SourceQuality "1"]

{[%evp 9,87,16,24,19,29,21,30,22,27,25,28,24,25,8,10,14,15,13,19,0,1,-2,0,-37,-34,-60,-34,-66,-64,-90,-92,-90,-95,-104,-99,-109,-88,-97,-91,-230,-222,-218,-221,-243,-230,-318,-334,-330,-330,-515,-504,-497,-491,-495,-478,-451,-341,-363,-372,-354,-276,-423,-414,-460,-467,-450,-481,-468,-474,-499,-485,-2480,-849,-2368,-2203,-1585,-1493,-1377,-999,-1106]} 1. d4 d6 2. Bg5 Nd7 3. Nf3 Ngf6 4. e3 e6 (4... h6 5. Bh4 g5 6. Bg3 Nh5 7. Bd3 Bg7 8. c3 e6 9. Nbd2 a6 10. O-O Nxg3 11. fxg3 c5 12. Qe2 Qe7 {0-1 (30) Gostisa,L (2427)-Kozul,Z (2612) Slovenia 2018}) 5. c4 Be7 6. Nc3 {A46: 1 d4 Nf6 2 Nf3 e6: Torre, London and Colle Systems} h6 7. Bh4 c6 8. Qc2 $146 {White has an edge.} ({Predecessor:} 8. h3 Qc7 9. Bd3 e5 10. dxe5 dxe5 11. Bg3 O-O 12. Bc2 {1-0 (35) Weber,V (1626)-Rollwitz,I (1389) Berlin 2017}) 8... a6 9. a4 a5 10. Be2 O-O 11. O-O Nh5 12. Bxe7 Qxe7 13. Nd2 Nhf6 14. Bf3 Nb8 {[%cal Bd7b8,Bb8a6,Ba6b4][%mdl 32]} 15. d5 Na6 16. dxc6 bxc6 {[%cal Bb7c6,Bc6d5,Bd5d4][%mdl 32]} 17. Nde4 Nd7 18. Rfd1 d5 19. cxd5 cxd5 20. Ng3 Nb4 $36 {[%mdl 2048] Black is really pushing.} 21. Qb1 Nc5 22. Be2 Ba6 23. Bxa6 Rxa6 24. e4 {[#]} (24. Nb5 $17) 24... d4 $1 $19 {[%cal Rd4c3][%mdl 512]} 25. Nb5 (25. Rxd4 Nb3) 25... d3 26. Ra3 Qb7 27. Nc3 Nc2 28. Ra2 Rc8 29. Rxd3 (29. h3 $142) 29... Nxd3 30. Qxc2 Nb4 31. Qb3 Rb6 32. Ra1 Nc6 {Played: Nb4-d3} 0-1

[Event "Bionext Festival 2019"]
[Site "Chihuahua"]
[Date "2019.11.30"]
[Round "4.9"]
[White "Hernandez Moya, Yuleisy"]
[Black "Sainz Aguirre, Ignacio"]
[Result "1-0"]
[WhiteElo "2181"]
[BlackElo "1884"]
[Annotator "TA"]
[PlyCount "65"]
[EventDate "2019.11.30"]
[EventType "swiss"]
[EventCountry "MEX"]
[SourceTitle "playchess.com"]
[Source "ChessBase"]
[SourceQuality "1"]

{[%evp 16,65,26,25,32,16,23,18,25,33,42,17,42,8,23,16,68,47,84,77,73,67,116,128,127,118,122,129,125,118,172,176,178,180,205,215,351,351,330,334,378,370,381,368,362,338,2582,2518,4994,4986,29995,1185]} 1. e4 c5 2. Nf3 Nc6 3. Bb5 g6 4. O-O Bg7 5. c3 Nf6 6. Re1 O-O 7. h3 d6 8. d4 cxd4 9. cxd4 d5 {B31: Sicilian: 2...Nc6 3 Bb5 g6} (9... a6 10. Bxc6 bxc6 11. Nc3 Bb7 12. Bg5 h6 13. Bf4 c5 14. d5 Nd7 15. Qd2 g5 16. Bg3 f5 17. exf5 Rxf5 {1-0 (36) Ghaem Maghami,E (2554)-Pridorozhni,A (2512) Khanty-Mansiysk 2013}) 10. e5 Ne4 11. Nc3 Nxc3 {The position is equal.} 12. bxc3 Bd7 13. Qb3 $146 ({Predecessor:} 13. a4 Rc8 14. Ba3 a6 15. Bxc6 Rxc6 16. Qd2 Bc8 17. a5 {1-0 (36) Chudinovskikh,A (2219)-Stock,A (2051) Plzen 2017}) 13... e6 14. Bxc6 Bxc6 15. Bg5 Qd7 (15... Qa5 $11) 16. Qb2 Bb5 17. Qd2 Rac8 18. Nh2 f5 19. exf6 $1 Bxf6 20. Bxf6 Rxf6 21. Ng4 Rff8 22. Qg5 Qd8 {[#]} (22... Qd6 $16 {is a better defense.}) 23. Qe5 $1 $40 {[%cal Rg4h6][%mdl 640] Black is in trouble.} h5 24. Qxe6+ Kh7 25. Qe7+ Qxe7 (25... Kh8 $142) 26. Rxe7+ Kh8 27. Ne5 Be8 28. Rxb7 a5 29. Ra7 a4 30. Rb1 Rxc3 $2 (30... Rf6 31. Rbb7 Re6) 31. Rbb7 Rc1+ 32. Kh2 {Rh7+ would kill now.} Rxf2 {[#]} 33. Rb8 {Accuracy: White = 68%, Black = 39%.} (33. Nxg6+ $142 $1 {[%mdl 512]} Bxg6 34. Rb8+ Rc8 35. Rxc8+ Be8 36. Rxe8+ Rf8 37. Rxf8#) 1-0

[Event "Bionext Festival 2019"]
[Site "Chihuahua"]
[Date "2019.11.30"]
[Round "4.10"]
[White "Gonzalez Estrada, Jesus Yo"]
[Black "Ramirez Ruacho, Juan Manuel"]
[Result "0-1"]
[WhiteElo "1891"]
[BlackElo "2175"]
[Annotator "RC"]
[PlyCount "58"]
[EventDate "2019.11.30"]
[EventType "swiss"]
[EventCountry "MEX"]
[SourceTitle "playchess.com"]
[Source "ChessBase"]
[SourceQuality "1"]
[TimeControl "5400+30"]

1. Nf3 {[%emt 1:30:30]} f5 {[%emt 1:30:30]} 2. d4 {[%emt 0:00:30]} Nf6 {[%emt 0:00:30]} 3. g3 {[%emt 0:00:30]} b5 {[%emt 0:00:30]} 4. Bg2 {[%emt 0:00:30]} e6 {[%emt 0:00:30]} 5. Ne5 {[%emt 0:00:30]} c6 {[%emt 0:00:30]} 6. a4 {[%emt 0:00:30]} b4 {[%emt 0:00:30]} 7. Bg5 {[%emt 0:00:30]} Be7 {[%emt 0:00:30]} 8. e4 {[%emt 0:00:30]} d6 {[%emt 0:00:30]} 9. Bxf6 {[%emt 0:00:30]} Bxf6 {[%emt 0:00:30]} 10. Qh5+ {[%emt 0:00:30]} g6 {[%emt 0:00:30]} 11. Nxg6 {[%emt 0:00:30]} hxg6 {[%emt 0:00:30]} 12. Qxg6+ {[%emt 0:00:30]} Kf8 {[%emt 0:00:30]} 13. c3 {[%emt 0:00:30]} a5 {[%emt 0:00:30]} 14. Nd2 {[%emt 0:00:30]} Ra7 {[%emt 0:00:30]} 15. e5 {[%emt 0:00:30]} dxe5 {[%emt 0:00:30]} 16. dxe5 {[%emt 0:00:30]} Bxe5 {[%emt 0:00:30]} 17. Nc4 {[%emt 0:00:30]} Bxc3+ {[%emt 0:00:30]} 18. bxc3 {[%emt 0:00:30]} Rg7 {[%emt 0:00:30]} 19. Ne5 {[%emt 0:00:30]} Rxg6 {[%emt 0:00:30]} 20. Nxg6+ {[%emt 0:00:30]} Kf7 {[%emt 0:00:30]} 21. Nxh8+ {[%emt 0:00:30]} Qxh8 {[%emt 0:00:30]} 22. O-O {[%emt 0:00:30]} Qxc3 {[%emt 0:00:30]} 23. Rac1 {[%emt 0:00:30]} Qb3 {[%emt 0:00:30]} 24. Bxc6 {[%emt 0:00:30]} Nxc6 {[%emt 0:00:30]} 25. Rxc6 {[%emt 0:00:30]} Bd7 {[%emt 0:00:30]} 26. Ra6 {[%emt 0:00:30]} Qd5 {[%emt 0:00:30]} 27. Rc1 {[%emt 0:00:30]} b3 {[%emt 0:00:30]} 28. Rb6 {[%emt 0:00:30]} Kf6 {[%emt 0:00:30]} 29. Rc7 {[%emt 0:00:30]} Bxa4 {[%emt 0:00:30]} 0-1

[Event "Bionext Festival 2019"]
[Site "Chihuahua"]
[Date "2019.11.30"]
[Round "4.11"]
[White "Pina Gonzalez, Jose Antonio"]
[Black "Bencomo, Murga Francisco"]
[Result "1-0"]
[WhiteElo "2170"]
[BlackElo "1865"]
[Annotator "TA"]
[PlyCount "59"]
[EventDate "2019.11.30"]
[EventType "swiss"]
[EventCountry "MEX"]
[SourceTitle "playchess.com"]
[Source "ChessBase"]
[SourceQuality "1"]

{[%evp 18,59,50,47,48,26,83,31,77,67,80,80,81,81,73,83,96,97,85,83,120,78,86,41,105,105,261,232,215,114,163,161,196,140,526,525,492,521,1694,1649,29996,29997,29997,29998]} 1. e4 c5 2. Nf3 Nc6 3. c4 g6 4. d4 cxd4 5. Nxd4 Bg7 6. Be3 d6 7. Nc3 Nf6 8. Be2 Bd7 9. O-O O-O 10. Kh1 a6 {B38: Sicilian: Maroczy Bind with 5...Bg7 and 7...0-0} (10... Nxd4 11. Bxd4 Bc6 12. Qd3 a6 13. Qe3 Qd7 14. a4 Qe6 15. f3 a5 16. c5 d5 17. e5 Nd7 18. f4 f6 19. Nb5 {1-0 (43) Krasenkow,M (2604)-Shoker,S (2517) Belfort 2012}) 11. Rc1 e6 (11... b5 $11 {keeps the balance.}) 12. f4 (12. Nb3 $16) 12... Qc7 {White is slightly better.} 13. Bf3 $146 ({Predecessor:} 13. g4 Nxd4 14. Bxd4 Bc6 15. Bf3 Rac8 16. g5 Nd7 17. Bxg7 Kxg7 {1-0 (30) Lelkes,O (1816)-Kollar,J (1755) Slovakia 2010}) 13... Nxd4 14. Bxd4 e5 15. fxe5 dxe5 16. Be3 Be6 17. b3 Qa5 18. Qe2 Rfd8 19. Na4 Nd7 20. c5 Rdc8 ({Black should try} 20... Qb4 $14) 21. Bg4 $16 Rc6 $2 (21... Qb5 $16) 22. Bxe6 $18 Rxe6 {[#]} 23. Nc3 (23. Nb6 $1 $18 {[%cal Rb6a8]} Nxb6 24. cxb6) 23... Rc8 24. Nd5 Qb5 25. Qf2 (25. Qf3 $18 f6 26. Qh3) 25... f5 $2 {[%mdl 8192]} (25... f6 $16 {is more resistant.} 26. g4 a5) 26. exf5 gxf5 27. Qxf5 Ree8 {[#]} 28. Nc7 $1 {[%mdl 512]} Rxc7 29. Qf7+ {[%mdl 64] Double Attack} Kh8 30. Qxe8+ {Accuracy: White = 49%, Black = 10%.} 1-0

[Event "Bionext Festival 2019"]
[Site "Chihuahua"]
[Date "2019.11.30"]
[Round "4.12"]
[White "Martinez Molina, Carlos Al"]
[Black "Rubio Ramos, Jorge Yadir"]
[Result "1-0"]
[WhiteElo "2169"]
[BlackElo "1819"]
[Annotator "TA"]
[PlyCount "43"]
[EventDate "2019.11.30"]
[EventType "swiss"]
[EventCountry "MEX"]
[SourceTitle "playchess.com"]
[Source "ChessBase"]
[SourceQuality "1"]

{[%evp 20,43,41,36,54,0,22,18,54,54,65,68,73,34,106,110,118,112,123,112,102,74,74,62,560,567]} 1. d4 e6 2. c4 f5 3. Nf3 Nf6 4. g3 c6 5. Bg2 d5 6. O-O Bd6 7. b3 O-O 8. Ba3 Bxa3 9. Nxa3 Bd7 10. Qc2 Qe7 11. Qb2 Be8 {A94: Classical Dutch: Classical Stonewall: 7 b3 c6 8 Ba3} 12. b4 ({White should try} 12. Nc2 $14) 12... Bh5 13. Ne5 a5 $146 {The position is equal.} ({Predecessor:} 13... Nbd7 14. Nd3 a5 15. b5 cxb5 16. Nxb5 dxc4 17. Nf4 Bf7 18. Rfc1 e5 19. dxe5 Nxe5 {1-0 (42) Pirverdiyev,A (2364)-Taalaibekov,T (2182) Bhubaneswar 2016}) 14. b5 Ne4 15. f3 Nd6 16. bxc6 bxc6 (16... Nxc6 $14 17. c5 Nf7) 17. e4 $16 Ra7 {[%cal Rd5e4]} 18. exd5 cxd5 19. c5 Nf7 20. Nxf7 Bxf7 21. f4 Be8 $2 {[%mdl 8192] [#]} (21... Rb7 $14 22. Qd2 Nc6) 22. Qxb8 {Accuracy: White = 58%, Black = 19%.} 1-0